| 000 | 00422cam a2200133 a 4500 | ||
|---|---|---|---|
| 082 |
_a954.91 _bZIR |
||
| 100 | 1 |
_aZiring, Lawrence, _946682 |
|
| 245 | 1 | 0 |
_aPakistan in the twentieth century : _ba political history / _cLawrence Ziring. |
| 260 |
_aKarachi ; _aNew York : _bOxford University Press, _cc1997. |
||
| 300 |
_a647 p. ; _c23 cm. |
||
| 526 |
_a0 _b0 _c0 _d954_910000000000000_ZIR |
||
| 650 |
_aMCE _9379 |
||
| 942 |
_2ddc _cBK |
||
| 999 |
_c549951 _d549951 |
||